Construction output up by 0.8% in euro area (Record no. 113145)

MARC details
000 -LEADER
fixed length control field 01201cad a22002175a 4500
001 - CONTROL NUMBER
control field L154778
008 - FIXED-LENGTH DATA ELEMENTS--GENERAL INFORMATION
fixed length control field 120118e20120118 d f s i000 0 eng d
035 ## - SYSTEM CONTROL NUMBER
System control number (Sirsi) u154778
041 0# - LANGUAGE CODE
Language code of text/sound track or separate title eng
110 2# - MAIN ENTRY--CORPORATE NAME
Corporate name or jurisdiction name as entry element Eurostat
9 (RLIN) 1416
245 00 - TITLE STATEMENT
Title Construction output up by 0.8% in euro area
Medium [electronic resource]
260 ## - PUBLICATION, DISTRIBUTION, ETC.
Date of publication, distribution, etc. 2012
490 #0 - SERIES STATEMENT
Series statement Eurostat News Release
Volume/sequential designation (10/2012) 18 January 2012
520 ## - SUMMARY, ETC.
Summary, etc. November 2011 compared with October 2011; Construction output up by 0.8% in euro area; Up by 0.4% in the EU27. In the construction sector, seasonally adjusted production rose by 0.8% in the euro area (EA17) and by 0.4% in the EU27 in November 2011, compared with the previous month. In October, production fell by 1.4% in the euro area and by 0.9% in the EU27. Compared with November 2010, output in November 2011 increased by 0.2% in the euro area and by 0.7% in the EU27.
590 ## - LOCAL NOTE (RLIN)
Local note KA
650 24 - SUBJECT ADDED ENTRY--TOPICAL TERM
Topical term or geographic name entry element EUROSTAT MONTHLY CONSTRUCTION INDEX
651 #4 - SUBJECT ADDED ENTRY--GEOGRAPHIC NAME
Geographic name Europe
690 ## - LOCAL SUBJECT ADDED ENTRY--TOPICAL TERM (OCLC, RLIN)
Topical term or geographic name as entry element Construction management
9 (RLIN) 6230
856 40 - ELECTRONIC LOCATION AND ACCESS
Uniform Resource Identifier <a href="https://epp.eurostat.ec.europa.eu/cache/ITY_PUBLIC/4-18012012-AP/EN/4-18012012-AP-EN.PDF">https://epp.eurostat.ec.europa.eu/cache/ITY_PUBLIC/4-18012012-AP/EN/4-18012012-AP-EN.PDF</a>
Public note View the item free of charge at http://epp.eurostat.ec.europa.eu
942 ## - ADDED ENTRY ELEMENTS (KOHA)
Suppress in OPAC 0
Holdings
Withdrawn status Lost status Source of classification or shelving scheme Damaged status Not for loan Home library Current library Shelving location Date acquired Total Checkouts Full call number Barcode Date last seen Copy number Price effective from Koha item type
    Dewey Decimal Classification     Virtual Virtual Online 18/01/2012   ONLINE PUBLICATION 154778-2001 06/08/2019 1 06/08/2019 Book